000 00370nam a2200169Ia 4500
003 0STCL
008 150530s9999 xx 000 0 und d
040 _aSTCL
_cSTCL
100 _aDaniel Sargent
245 _aThomas More
250 _aFirst
260 _bSheed and ward
_c1938
546 _aEnglish
942 _2ddc
_cBK
999 _c69034
_d69034
005 20220125171410.0